| Tag |
First Indicator |
Second Indicator |
Subfields |
| LEADER |
00000cam a2200000 4500 |
| 001 |
in00003446021 |
| 005 |
20151206103421.0 |
| 008 |
750909s1969||||||| 00000 ger |
| 010 |
|
|
|a 77472161
|
| 035 |
|
|
|a (OCoLC)ocm01612840
|
| 040 |
|
|
|a DLC
|c IRU
|d m/c
|d TNY
|d UtOrBLW
|
| 090 |
|
|
|a F2519.3.A7
|b K6 1969
|
| 100 |
1 |
|
|a Koch-Grünberg, Theodor,
|d 1872-1924.
|
| 245 |
1 |
0 |
|a Anfänge der Kunst im Urwald ;
|b Indianer-Handzeichnungen auf seinen Reisen in Brasilien gesammelt.
|
| 264 |
|
1 |
|a [Oosterhout N. B., Niederlande] :
|b [Anthropological Publications],
|c [1969]
|
| 300 |
|
|
|a 1 volume (various pagings) :
|b illustrations, folded color map. ;
|c 19 x 26 cm.
|
| 336 |
|
|
|a text
|b txt
|2 rdacontent
|
| 337 |
|
|
|a unmediated
|b n
|2 rdamedia
|
| 338 |
|
|
|a volume
|b nc
|2 rdacarrier
|
| 500 |
|
|
|a Reprint of the Berlin, 1905 edition.
|
| 504 |
|
|
|a Includes bibliographical references.
|
| 650 |
|
0 |
|a Indian art
|z Brazil.
|
| 650 |
|
0 |
|a Indians of South America
|z Brazil.
|
| 999 |
|
|
|a MARS
|
| 999 |
f |
f |
|s 401fd008-a2da-3fc8-a674-ae8c55c021c8
|i 94f3bc94-d82f-3861-a8b3-968e1db61351
|t 0
|
| 952 |
f |
f |
|p ric
|a Texas A&M University
|b Rellis Campus
|c Joint Library Facility
|d Remote Storage
|t 0
|e F2519.3.A7 K6 1969
|h Library of Congress classification
|i unmediated -- volume
|m 32060003929896
|
| 998 |
f |
f |
|a F2519.3.A7 K6 1969
|t 0
|l Remote Storage
|